Word Chain - Italy - Statistics

General Stats
  • This quiz has been taken 23,184 times
  • The average score is 15 of 22
Answer Stats
Hint Answer % Correct
Gladiatorial arena of ancient Rome Colosseum
92%
Italy's most populous metro area Milan
91%
City near Mount Vesuvius Naples
86%
Fashion mogul Giorgio Armani
84%
Emperor during the great fire of ancient Rome Nero
84%
Sea on Italy's east coast Adriatic
82%
Italy's second largest island Sardinia
80%
Musical style of Verdi and Puccini Opera
78%
Michelangelo's most famous sculpture David
77%
2006 Winter Olympics host Turin
76%
Italian word for Earth Terra
73%
Lampedusa or Elba, for example Island
69%
Dante's trilogy: The Divine _____ Comedy
68%
Saint Francis of _____ Assisi
66%
19-time Italian soccer champs: ____ Milan Inter
60%
Country invaded by Italy in 1941 Yugoslavia
54%
Italian term for a cathedral Duomo
51%
Name of 13 "pure" popes Innocent
47%
Ancient Roman poet who wrote "Metamorphoses" Ovid
44%
Motorcycle manufacturer Ducati
42%
Malpensa or Fiumicino, for example Airport
37%
Common subject in ancient Roman education Rhetoric
20%
No matching quizzes found
Score Distribution
Percent of People with Each Score
Percentile by Number Answered
Your Score History
You have not taken this quiz